Kamus peribahasa kontemporari

Bibliographic Details
Main Author: Ainon Mohd
Format: Book
Published: Selangor : PTS Professional Sdn. Bhd , 2011
Edition:Edisi kedua
Subjects:

MARC

LEADER 00000cam a2200000 7i4500
001 0000039817
005 20140108.0
008 140108
020 |a 9673690602 
090 0 0 |a 398.9992303   |b AIN 
100 0 |a Ainon Mohd 
245 1 0 |a Kamus peribahasa kontemporari   |c Ainon Mohd & Abdullah Hassan 
250 |a Edisi kedua 
260 |a Selangor :   |b PTS Professional Sdn. Bhd ,   |c 2011 
650 0 |a Proverbs, Malay dictionaries 
999 |a 0001262130   |b Book   |c Adult Collection   |e Perbadanan Perpustakaan Awam Johor